[Event "Muensterland Regionalliga 1819"]
[Site "Germany"]
[Date "2019.02.02"]
[Round "6.7"]
[White "Gajic, Goran"]
[Black "Reckzuegel, Philipp"]
[Result "0-1"]
[WhiteElo "1933"]
[BlackElo "1949"]
[PlyCount "56"]
[EventDate "2018.09.08"]
[EventType "team-tourn"]
[EventRounds "9"]
[EventCountry "GER"]
[SourceTitle "EXT 2020"]
[Source "ChessBase"]
[SourceDate "2019.10.17"]
[SourceVersion "1"]
[SourceVersionDate "2019.10.17"]
[SourceQuality "1"]
[WhiteTeam "Bocholt"]
[BlackTeam "Gronau"]
[WhiteTeamCountry "GER"]
[BlackTeamCountry "GER"]

1. e4 c5 2. Nc3 d6 3. Bb5+ Bd7 4. Qe2 Nc6 5. Nf3 e6 6. Bxc6 Bxc6 7. d4 cxd4 8. Nxd4 Nf6 9. Nxc6 bxc6 10. Qa6 Qb6 11. Qxb6 axb6 12. Be3 Nd7 13. f4 Be7 14. g4 Bf6 15. Kd2 Bxc3+ 16. Kxc3 Nf6 17. Bxb6 Nxe4+ 18. Kd4 Nf6 19. Kd3 c5 20. a4 Nxg4 21. Rhg1 Nf6 22. Rxg7 Nd5 23. Rag1 Nxb6 24. Rg8+ Ke7 25. Rxh8 Rxh8 26. a5 Nd5 27. Rf1 Ra8 28. c4 Nb4+ 0-1

[Event "Muensterland Regionalliga 1314"]
[Site "Germany"]
[Date "2014.03.15"]
[Round "7.5"]
[White "Gajic, Goran"]
[Black "Niermann, Rainer"]
[Result "1-0"]
[WhiteElo "1950"]
[BlackElo "2055"]
[PlyCount "75"]
[EventDate "2013.09.07"]
[EventType "team-tourn"]
[EventRounds "9"]
[EventCountry "GER"]
[SourceTitle "EXT 2015"]
[Source "ChessBase"]
[SourceDate "2014.11.20"]
[SourceVersion "1"]
[SourceVersionDate "2014.11.20"]
[SourceQuality "1"]
[WhiteTeam "Bocholt"]
[BlackTeam "Muenster SK II"]
[WhiteTeamCountry "GER"]
[BlackTeamCountry "GER"]

1. f4 e5 2. fxe5 Nc6 3. Nf3 g5 4. d4 g4 5. Ng1 d6 6. e6 fxe6 7. e4 Qf6 8. Bb5 Bd7 9. Bxc6 Bxc6 10. Nc3 Qg6 11. d5 exd5 12. exd5 Bd7 13. Nge2 Bh6 14. 0-0 0-0-0 15. Qd4 Kb8 16. Bxh6 Nxh6 17. Rf6 Nf5 18. Rxg6 Nxd4 19. Rg7 Nxc2 20. Rf1 Ne3 21. Rff7 Rhf8 22. Rxh7 Bf5 23. Rxf8 Rxf8 24. Re7 Nc4 25. b3 Ne5 26. Nf4 a6 27. Ne6 Ng6 28. Nxf8 Nxe7 29. Kf2 b5 30. b4 c5 31. bxc5 dxc5 32. d6 Ng6 33. Nxg6 Bxg6 34. Nd5 Bf5 35. Ke3 Be6 36. Nc7 Bc8 37. Nd5 Bb7 38. d7 1-0

[Event "NRW Class1 1213"]
[Site "Germany"]
[Date "2013.04.07"]
[Round "8.4"]
[White "Mundorf, Johannes"]
[Black "Gajic, Goran"]
[Result "1-0"]
[WhiteElo "2173"]
[BlackElo "1956"]
[PlyCount "155"]
[EventDate "2012.09.16"]
[EventType "team-tourn"]
[EventRounds "9"]
[EventCountry "GER"]
[SourceTitle "EXT 2017"]
[Source "ChessBase"]
[SourceDate "2016.10.25"]
[SourceVersion "1"]
[SourceVersionDate "2016.10.25"]
[SourceQuality "1"]
[WhiteTeam "Dinslaken"]
[BlackTeam "Bocholt"]
[WhiteTeamCountry "GER"]
[BlackTeamCountry "GER"]

1. Nf3 Nf6 2. g3 e6 3. Bg2 d5 4. 0-0 Be7 5. c4 c6 6. d4 0-0 7. Qc2 Nbd7 8. b3 b6 9. Rd1 Bb7 10. Nc3 Rc8 11. e4 dxe4 12. Nxe4 Nxe4 13. Qxe4 Nf6 14. Qc2 Qc7 15. Bf4 Bd6 16. Bxd6 Qxd6 17. c5 bxc5 18. dxc5 Qc7 19. Nd2 Ba6 20. Ne4 Nd5 21. a3 Rb8 22. Nd6 Rfd8 23. Rd4 Bc8 24. Rh4 h6 25. Qb2 Rxd6 26. cxd6 Qxd6 27. Rc1 Bd7 28. Rhc4 Nb6 29. R4c2 Nd5 30. Rc5 Rb6 31. b4 Qb8 32. Qd4 Be8 33. Be4 Ne7 34. Rd1 Nd5 35. Re1 Bd7 36. Bb1 Qc7 37. Qd3 Nf6 38. Rd1 Kf8 39. Qd4 Rb8 40. Be4 Nxe4 41. Qxe4 g6 42. Qh4 h5 43. Qf6 Rb5 44. Rc3 Rf5 45. Qh4 Qb6 46. Rc5 Rd5 47. Rcxd5 exd5 48. Qd4 Qxd4 49. Rxd4 Ke7 50. Kf1 Kd6 51. Rf4 Be6 52. Ke2 c5 53. bxc5+ Kxc5 54. Ra4 Kb6 55. Ke3 a5 56. Rd4 Kc5 57. f3 Bd7 58. h4 f5 59. Rd1 Bb5 60. Rd4 Bc4 61. g4 Kb5 62. gxh5 gxh5 63. Rf4 Ka4 64. Rxf5 Kxa3 65. Kd4 Kb2 66. Rxh5 a4 67. Rh7 a3 68. Ra7 Be2 69. f4 a2 70. Kxd5 a1Q 71. Rxa1 Kxa1 72. f5 Kb2 73. f6 Kc3 74. Ke6 Kd4 75. f7 Bc4+ 76. Kf6 Bxf7 77. Kxf7 Ke5 78. h5 1-0

[Event "NRW Class1 1213"]
[Site "Germany"]
[Date "2013.03.10"]
[Round "7.4"]
[White "Gajic, Goran"]
[Black "Grobbel, Rainer"]
[Result "0-1"]
[WhiteElo "1956"]
[BlackElo "2068"]
[PlyCount "110"]
[EventDate "2012.09.16"]
[EventType "team-tourn"]
[EventRounds "9"]
[EventCountry "GER"]
[SourceTitle "EXT 2017"]
[Source "ChessBase"]
[SourceDate "2016.10.25"]
[SourceVersion "1"]
[SourceVersionDate "2016.10.25"]
[SourceQuality "1"]
[WhiteTeam "Bocholt"]
[BlackTeam "Lippstadt Turm"]
[WhiteTeamCountry "GER"]
[BlackTeamCountry "GER"]

1. f4 g6 2. Nf3 Bg7 3. e3 Nf6 4. c4 c5 5. Nc3 0-0 6. Be2 Nc6 7. 0-0 d5 8. d3 d4 9. exd4 Nxd4 10. Nxd4 Qxd4+ 11. Kh1 Rd8 12. Nb5 Qd7 13. Be3 b6 14. Bf3 Rb8 15. Qe2 Ba6 16. Rad1 Bxb5 17. cxb5 Qxb5 18. f5 Nd5 19. Bc1 Bf6 20. fxg6 hxg6 21. Be4 Qd7 22. Qf3 Nb4 23. Bg5 Qd4 24. Bxf6 exf6 25. Qxf6 Qxf6 26. Rxf6 Nd5 27. Rf2 f5 28. Bxd5+ Rxd5 29. Kg1 Rbd8 30. Rfd2 Kf7 31. Kf2 Kf6 32. Ke3 Ke5 33. Re1 Rd4 34. b3 R8d7 35. g3 g5 36. Kf3+ Kf6 37. Red1 f4 38. g4 Rh7 39. Kg2 Re7 40. Rc2 Re3 41. Rcd2 Ke5 42. Kf2 Kd6 43. Rh1 Rh3 44. Kg2 Rhxd3 45. Rf2 Ke5 46. Re1+ Re4 47. Ref1 Kd5 48. Rc1 a5 49. Rb1 b5 50. Rc1 c4 51. bxc4+ bxc4 52. Rb1 Kd4 53. Rb5 Re5 54. Rb8 c3 55. Rc8 Rd2 0-1